000 00922nam a22002417a 4500
003 OSt
005 20221026164211.0
008 221026b |||||||| |||| 00| 0 eng d
020 _a2 7022 0698 0
040 _cBiblioteca Lado V
082 _a700.9
_bC441n
100 _9196
_aChalumeau, Jean - Luc
_eautor
245 _aLa Nouvelle Figuration/
_bUne histoire, de 1953 a nos jours/
246 _aFeedback/
_bArt Responsive to instructions, Input, or its environment/
260 _aGrancia
_bCirculo de Arte
_c2003
300 _a222p.
_c25,3 x 29,5 cm
650 _2Tesauro de Arte & Arquitectura
_aFIGURACION NARRATIVA
650 _2Tesauro de Arte & Arquitectura
_aFIGURACION CRITICA
650 _2Tesauro de Arte & Arquitectura
_aPINTURA
650 _2Tesauro de Arte & Arquitectura
_aHISTORIA DEL ARTE
650 _2Tesauro de Arte & Arquitectura
_aFRANCIA
942 _2ddc
_c1
_h700.9
_iC441n
_n0
999 _c2343
_d2343